[Event "Olimpiada de Khanty-Mansiysk 2010"]
[Site "Khanty-Mansiysk RUS"]
[Date "2010.10.01"]
[Round "10"]
[White "Genba, Vladimir"]
[Black "Elsness, Frode"]
[Result "1/2-1/2"]
[WhiteElo "2445"]
[BlackElo "2485"]
[PlyCount "81"]
[EventDate "2010.09.21"]
[EventType "team"]
[EventRounds "11"]
[EventCountry "RUS"]
[Source "lmi"]
[SourceDate "2010.09.21"]
[WhiteTeam "RU4"]
[BlackTeam "Noruega"]
[BlackTeamCountry "NOR"]

1. d4 Nf6 2. Nf3 g6 3. g3 Bg7 4. Bg2 d5 5. O-O O-O 6. Be3 Nbd7 7. h3 Ne4 8. Qc1
b6 9. c4 Bb7 10. Bh6 Rc8 11. Bxg7 Kxg7 12. Nfd2 Ndf6 13. Nxe4 Nxe4 14. Nc3 e6
15. Nxe4 dxe4 16. Qe3 f5 17. f3 exf3 18. Bxf3 Bxf3 19. exf3 Qf6 20. f4 Rcd8 21.
Rad1 Rd6 22. Rd2 Rfd8 23. Rfd1 a5 24. a4 R8d7 25. Kf1 Kf7 26. b3 h6 27. Kf2 g5
28. Qe5 gxf4 29. Qxf6+ Kxf6 30. gxf4 c5 31. d5 exd5 32. cxd5 Re7 33. Re2 Rdd7
34. Rd3 Rxe2+ 35. Kxe2 Ke7 36. Re3+ Kd6 37. Re5 Re7 38. Rxe7 Kxe7 39. Kd3 Kd7
40. Kc3 Kc7 41. Kd3 1/2-1/2

[Event "Olimpiada de Khanty-Mansiysk 2010"]
[Site "Khanty-Mansiysk RUS"]
[Date "2010.10.01"]
[Round "10"]
[White "Hansen, Torbjorn Ringdal"]
[Black "Iljiushenok, Ilia"]
[Result "0-1"]
[WhiteElo "2429"]
[BlackElo "2412"]
[PlyCount "76"]
[EventDate "2010.09.21"]
[EventType "team"]
[EventRounds "11"]
[EventCountry "RUS"]
[Source "lmi"]
[SourceDate "2010.09.21"]
[WhiteTeam "Noruega"]
[BlackTeam "RU4"]
[WhiteTeamCountry "NOR"]

1. c4 g6 2. Nc3 Bg7 3. Nf3 c5 4. g3 Nc6 5. Bg2 Nh6 6. h4 d6 7. h5 Bg4 8. hxg6
hxg6 9. d3 Qd7 10. Bd2 O-O-O 11. Qa4 Nf5 12. O-O-O Kb8 13. Rxh8 Rxh8 14. e3 Nh6
15. Qb3 Bxf3 16. Bxf3 Ng4 17. Be1 Nce5 18. Bxg4 Nxg4 19. Qc2 Rh2 20. Qe2 Qf5
21. Nd5 Nxf2 22. Nxe7 Qf6 23. Rd2 Nxd3+ 24. Qxd3 Rxd2 25. Bxd2 Qxe7 26. e4 Kc7
27. Kc2 Be5 28. Ba5+ Kc8 29. Bd2 Qf6 30. Qa3 a6 31. Qa4 Qe6 32. Qb3 Qg4 33. Qd3
Qxg3 34. Qd5 Qf2 35. Kb3 Qf6 36. Ka4 Qe6 37. Qd3 Bxb2 38. Ka5 Be5 0-1

[Event "Olimpiada de Khanty-Mansiysk 2010"]
[Site "Khanty-Mansiysk RUS"]
[Date "2010.10.01"]
[Round "10"]
[White "Georgiev, Kiril"]
[Black "Ftacnik, Lubomir"]
[Result "1/2-1/2"]
[WhiteElo "2685"]
[BlackElo "2568"]
[PlyCount "80"]
[EventDate "2010.09.21"]
[EventType "team"]
[EventRounds "11"]
[EventCountry "RUS"]
[Source "lmi"]
[SourceDate "2010.09.21"]
[WhiteTeam "Bulgaria"]
[BlackTeam "Eslovaquia"]
[WhiteTeamCountry "BUL"]
[BlackTeamCountry "SVK"]

1. d4 Nf6 2. c4 g6 3. Nc3 d5 4. Nf3 Bg7 5. cxd5 Nxd5 6. e4 Nxc3 7. bxc3 c5 8.
Be3 Qa5 9. Qd2 Nc6 10. Rb1 a6 11. Rc1 cxd4 12. cxd4 Qxd2+ 13. Kxd2 e6 14. Bd3
O-O 15. Rc4 Bd7 16. Rhc1 Rfc8 17. d5 exd5 18. exd5 Ne5 19. Nxe5 Bxe5 20. g3
Rxc4 21. Rxc4 b5 22. Rc2 b4 23. Rc5 a5 24. Bb5 Bf5 25. Bc6 Rb8 26. Ke2 Bb1 27.
Rxa5 Bxa2 28. Ba7 Bc4+ 29. Ke3 Rd8 30. Bd4 Bd6 31. Ra1 b3 32. Rc1 Bxd5 33. Bxd5
Ba3 34. Rb1 Rxd5 35. Rxb3 Bd6 36. Ke4 Ra5 37. Rb6 f5+ 38. Kd3 Be5 39. Be3 Rd5+
40. Ke2 Rd7 1/2-1/2

[Event "Olimpiada de Khanty-Mansiysk 2010"]
[Site "Khanty-Mansiysk RUS"]
[Date "2010.10.01"]
[Round "10"]
[White "Markos, Jan"]
[Black "Delchev, Aleksander"]
[Result "1-0"]
[WhiteElo "2566"]
[BlackElo "2623"]
[PlyCount "65"]
[EventDate "2010.09.21"]
[EventType "team"]
[EventRounds "11"]
[EventCountry "RUS"]
[Source "lmi"]
[SourceDate "2010.09.21"]
[WhiteTeam "Eslovaquia"]
[BlackTeam "Bulgaria"]
[WhiteTeamCountry "SVK"]
[BlackTeamCountry "BUL"]

1. Nf3 Nf6 2. c4 c6 3. Nc3 d5 4. e3 a6 5. d4 e6 6. c5 Nbd7 7. b4 g6 8. Bb2 Bg7
9. Be2 O-O 10. O-O Re8 11. Na4 Ne4 12. Ne5 Nxe5 13. dxe5 f6 14. Nb6 Rb8 15. f4
fxe5 16. Bxe5 Bxe5 17. fxe5 Nc3 18. Qd2 d4 19. Bc4 Nd5 20. Qxd4 Nxb6 21. Qxd8
Rxd8 22. cxb6 Bd7 23. Rad1 Be8 24. Bxe6+ Kg7 25. Rd6 Ra8 26. Rfd1 Rdb8 27. Bc4
a5 28. e6 Kf6 29. e7+ Kxe7 30. Re6+ Kf8 31. Rf1+ Kg7 32. Re7+ Kh6 33. bxa5 1-0

[Event "Olimpiada de Khanty-Mansiysk 2010"]
[Site "Khanty-Mansiysk RUS"]
[Date "2010.10.01"]
[Round "10"]
[White "Berbatov, Kiprian"]
[Black "Petrik, Tomas"]
[Result "1/2-1/2"]
[WhiteElo "2461"]
[BlackElo "2528"]
[PlyCount "81"]
[EventDate "2010.09.21"]
[EventType "team"]
[EventRounds "11"]
[EventCountry "RUS"]
[Source "lmi"]
[SourceDate "2010.09.21"]
[WhiteTeam "Bulgaria"]
[BlackTeam "Eslovaquia"]
[WhiteTeamCountry "BUL"]
[BlackTeamCountry "SVK"]

1. e4 e6 2. d4 d5 3. Nd2 c5 4. exd5 Qxd5 5. Ngf3 cxd4 6. Bc4 Qd6 7. O-O Nf6 8.
Nb3 Nc6 9. Nbxd4 Nxd4 10. Nxd4 a6 11. Re1 Qc7 12. Qe2 Bc5 13. c3 b5 14. Bb3 O-O
15. Bg5 Bb7 16. Rad1 Ne4 17. Bh4 Qf4 18. g3 Qh6 19. Bc2 Ng5 20. Qg4 Bxd4 21.
Qxg5 Qxg5 22. Bxg5 Bc5 23. b4 Ba7 24. Bb3 Rfc8 25. Rd7 Bc6 26. Rd6 h6 27. Be3
Bxe3 28. Rxe3 Kf8 29. f4 a5 30. bxa5 Rxa5 31. f5 exf5 32. Re5 Ra7 33. Rxf5 Be8
34. Rf3 f6 35. Re3 Rac7 36. Rde6 Bf7 37. Rb6 Be8 38. Rbe6 Bf7 39. Rb6 Be8 40.
Rbe6 Bf7 41. Rb6 1/2-1/2

[Event "Olimpiada de Khanty-Mansiysk 2010"]
[Site "Khanty-Mansiysk RUS"]
[Date "2010.10.01"]
[Round "10"]
[White "Ragger, Markus"]
[Black "Markov, Mikhail"]
[Result "1-0"]
[WhiteElo "2628"]
[BlackElo "2261"]
[PlyCount "97"]
[EventDate "2010.09.21"]
[EventType "team"]
[EventRounds "11"]
[EventCountry "RUS"]
[Source "lmi"]
[SourceDate "2010.09.21"]
[WhiteTeam "Austria"]
[BlackTeam "Kyrgyzstan"]
[WhiteTeamCountry "AUT"]
[BlackTeamCountry "KGZ"]

1. e4 c5 2. Nf3 a6 3. c3 d5 4. exd5 Qxd5 5. d4 Bf5 6. Be3 Bxb1 7. Rxb1 cxd4 8.
Nxd4 e5 9. Qa4+ Nd7 10. Nb5 Qc6 11. Rd1 Rc8 12. Qb3 Nc5 13. Na7 Nxb3 14. Nxc6
Rxc6 15. axb3 Bc5 16. Rd5 Bd6 17. b4 Nf6 18. Rd2 Ke7 19. g3 Rb8 20. Bg2 Rc7 21.
Bb6 Rc4 22. O-O Ne8 23. Rfd1 f5 24. Bd5 Rg4 25. Bb3 Rc8 26. Rd5 Rc6 27. Bc5 Re4
28. Bc2 Re2 29. Bd3 Bxc5 30. Bxe2 Bd6 31. b5 Rb6 32. c4 Nf6 33. c5 Nxd5 34.
Rxd5 Bxc5 35. Rxc5 Kd6 36. b4 g5 37. f4 gxf4 38. gxf4 exf4 39. Rxf5 Ke6 40. Rh5
Kf7 41. Rxh7+ Kg8 42. Rh4 Rf6 43. Kf2 axb5 44. Kf3 Rf5 45. Rg4+ Kh8 46. Rxf4
Rd5 47. Ke3 b6 48. Rh4+ Kg7 49. Rh5 1-0

[Event "Olimpiada de Khanty-Mansiysk 2010"]
[Site "Khanty-Mansiysk RUS"]
[Date "2010.10.01"]
[Round "10"]
[White "Tologontegin, Semetey"]
[Black "Shengelia, David"]
[Result "0-1"]
[WhiteElo "2320"]
[BlackElo "2587"]
[PlyCount "72"]
[EventDate "2010.09.21"]
[EventType "team"]
[EventRounds "11"]
[EventCountry "RUS"]
[Source "lmi"]
[SourceDate "2010.09.21"]
[WhiteTeam "Kyrgyzstan"]
[BlackTeam "Austria"]
[WhiteTeamCountry "KGZ"]
[BlackTeamCountry "AUT"]

1. d4 Nf6 2. c4 e6 3. Nc3 Bb4 4. e3 b6 5. Nge2 Ba6 6. a3 Bxc3+ 7. Nxc3 d5 8.
cxd5 Bxf1 9. Kxf1 exd5 10. Qf3 O-O 11. g4 Re8 12. Bd2 Nc6 13. Qf5 Ne7 14. Qf3
Qd7 15. h3 Rad8 16. Kg2 c5 17. Rad1 Ng6 18. Qg3 cxd4 19. exd4 Ne4 20. Nxe4 Rxe4
21. Be3 f5 22. gxf5 Nh4+ 23. Kg1 Nxf5 24. Qg5 Rf8 25. Rh2 Nh4 26. Kh1 Nf3 27.
Qg3 Nxh2 28. Kxh2 Re6 29. Rc1 Rg6 30. Qc7 Qf5 31. Qxa7 h6 32. Qe7 Qf3 33. Rg1
Rxg1 34. Qe6+ Kh7 35. Kxg1 Rf6 36. Qg4 Rg6 0-1

[Event "Olimpiada de Khanty-Mansiysk 2010"]
[Site "Khanty-Mansiysk RUS"]
[Date "2010.10.01"]
[Round "10"]
[White "Neubauer, Martin"]
[Black "Shukuraliev, Algis"]
[Result "1/2-1/2"]
[WhiteElo "2428"]
[BlackElo "2332"]
[PlyCount "94"]
[EventDate "2010.09.21"]
[EventType "team"]
[EventRounds "11"]
[EventCountry "RUS"]
[Source "lmi"]
[SourceDate "2010.09.21"]
[WhiteTeam "Austria"]
[BlackTeam "Kyrgyzstan"]
[WhiteTeamCountry "AUT"]
[BlackTeamCountry "KGZ"]

1. d4 d5 2. c4 c6 3. Nf3 Nf6 4. e3 a6 5. Bd3 Bg4 6. Nbd2 e6 7. Qc2 Nbd7 8. b3
Be7 9. Bb2 c5 10. O-O O-O 11. cxd5 exd5 12. Ne5 cxd4 13. Nxg4 Nxg4 14. Bxh7+
Kh8 15. Bxd4 Rc8 16. Qd1 Kxh7 17. Qxg4 Nf6 18. Qh3+ Kg8 19. Rac1 Qd7 20. Qxd7
Nxd7 21. Nb1 Rc6 22. Nc3 Ba3 23. Rcd1 Rd6 24. Rd3 Rd8 25. Rfd1 f6 26. g4 Bb4
27. Kg2 Kf7 28. h4 Bxc3 29. Rxc3 Rc6 30. Rdc1 Rdc8 31. h5 Nf8 32. Rxc6 bxc6 33.
b4 Ne6 34. a3 Ke7 35. f4 Kd7 36. Kf3 a5 37. g5 axb4 38. axb4 fxg5 39. f5 Nxd4+
40. exd4 Rb8 41. Rg1 Ke7 42. Rxg5 Rxb4 43. Rxg7+ Kf6 44. h6 Rxd4 45. Rg6+ Kxf5
46. Rxc6 Rh4 47. Ra6 Ke5 1/2-1/2

[Event "Olimpiada de Khanty-Mansiysk 2010"]
[Site "Khanty-Mansiysk RUS"]
[Date "2010.10.01"]
[Round "10"]
[White "Samakov, Nurdin"]
[Black "Kreisl, Robert"]
[Result "1-0"]
[WhiteElo "2356"]
[BlackElo "2376"]
[PlyCount "109"]
[EventDate "2010.09.21"]
[EventType "team"]
[EventRounds "11"]
[EventCountry "RUS"]
[Source "lmi"]
[SourceDate "2010.09.21"]
[WhiteTeam "Kyrgyzstan"]
[BlackTeam "Austria"]
[WhiteTeamCountry "KGZ"]
[BlackTeamCountry "AUT"]

1. d4 d5 2. Nf3 Nf6 3. c4 c6 4. e3 Bf5 5. Nc3 e6 6. Be2 h6 7. O-O Nbd7 8. a3 a5
9. Bd3 Bxd3 10. Qxd3 Be7 11. cxd5 exd5 12. Ne5 Nxe5 13. dxe5 Nd7 14. e6 fxe6
15. Qg6+ Kf8 16. Qxe6 Nf6 17. e4 Qc8 18. exd5 Nxd5 19. Qxc8+ Rxc8 20. Nxd5 cxd5
21. Rd1 Kf7 22. Be3 Ke6 23. Re1 Kf7 24. Rad1 Rhd8 25. Bb6 Rd7 26. Bxa5 Rc2 27.
Rd2 Rxd2 28. Bxd2 Bf6 29. b3 Rc7 30. Rc1 Re7 31. a4 Re2 32. Rd1 Re6 33. Kf1 Rb6
34. b4 Rc6 35. Rc1 Rxc1+ 36. Bxc1 Bc3 37. b5 Ke6 38. Ke2 Bd4 39. Be3 Be5 40. h3
d4 41. Bc1 Kd5 42. Kd3 b6 43. f4 Bf6 44. g4 g6 45. Ba3 h5 46. g5 Bd8 47. Bb2
Bc7 48. Bxd4 Bxf4 49. Bxb6 Bxg5 50. a5 Bf4 51. a6 Bb8 52. a7 Bxa7 53. Bxa7 g5
54. Be3 g4 55. h4 1-0

[Event "Olimpiada de Khanty-Mansiysk 2010"]
[Site "Khanty-Mansiysk RUS"]
[Date "2010.10.01"]
[Round "10"]
[White "Bogner, Sebastian"]
[Black "Lenic, Luka"]
[Result "1/2-1/2"]
[WhiteElo "2549"]
[BlackElo "2603"]
[PlyCount "148"]
[EventDate "2010.09.21"]
[EventType "team"]
[EventRounds "11"]
[EventCountry "RUS"]
[Source "lmi"]
[SourceDate "2010.09.21"]
[WhiteTeam "Alemania"]
[BlackTeam "Eslovenia"]
[WhiteTeamCountry "GER"]
[BlackTeamCountry "SLO"]

1. d4 Nf6 2. c4 e6 3. g3 d5 4. Nf3 Bb4+ 5. Bd2 Be7 6. Bg2 O-O 7. O-O c6 8. Bf4
b6 9. Nc3 Bb7 10. Rc1 Nh5 11. Be5 Nd7 12. cxd5 exd5 13. Qd2 f5 14. Qc2 g5 15.
e3 g4 16. Ne1 Nxe5 17. dxe5 Bg5 18. Ne2 Qe7 19. Nd3 Ng7 20. b4 Rac8 21. Qb3 Kh8
22. b5 c5 23. Bxd5 Bxd5 24. Qxd5 c4 25. Ndf4 Rfd8 26. Qh1 Qxe5 27. Nd4 Rd7 28.
Rc2 Ne8 29. a4 Nf6 30. Nc6 Qe4 31. Qxe4 Nxe4 32. Ne6 Bf6 33. Kg2 c3 34. Ned4
Bxd4 35. exd4 a6 36. h3 h5 37. Rh1 Kg7 38. hxg4 hxg4 39. f3 gxf3+ 40. Kxf3 axb5
41. axb5 Re8 42. Kf4 Nf6 43. Kf3 Ne4 44. Kf4 Nd2 45. Rxc3 Re4+ 46. Kg5 Re2 47.
Ra3 Rf2 48. g4 Ne4+ 49. Kh4 Kf6 50. Ra7 Rxa7 51. Nxa7 f4 52. Nc6 Ng5 53. Ne5
Rc2 54. Nd7+ Kg6 55. Ne5+ Kh6 56. Nd3 Nf3+ 57. Kh3 Ng5+ 58. Kh4 Nf3+ 59. Kh3
Kg5 60. Ne1 Rc3 61. Nxf3+ Rxf3+ 62. Kg2 Rd3 63. Rh8 Kxg4 64. Rg8+ Kf5 65. Rb8
Ke4 66. Rxb6 Rd2+ 67. Kg1 Kf3 68. Rc6 Rd1+ 69. Kh2 Rxd4 70. Rc3+ Ke2 71. Rc2+
Ke3 72. Rb2 Rd8 73. Rb3+ Ke2 74. Rb2+ Ke3 1/2-1/2

[Event "Olimpiada de Khanty-Mansiysk 2010"]
[Site "Khanty-Mansiysk RUS"]
[Date "2010.10.01"]
[Round "10"]
[White "Huschenbeth, Niclas"]
[Black "Sebenik, Matej"]
[Result "0-1"]
[WhiteElo "2461"]
[BlackElo "2516"]
[PlyCount "94"]
[EventDate "2010.09.21"]
[EventType "team"]
[EventRounds "11"]
[EventCountry "RUS"]
[Source "lmi"]
[SourceDate "2010.09.21"]
[WhiteTeam "Alemania"]
[BlackTeam "Eslovenia"]
[WhiteTeamCountry "GER"]
[BlackTeamCountry "SLO"]

1. e4 e6 2. d4 d5 3. Nc3 Nf6 4. e5 Nfd7 5. f4 c5 6. Nf3 Nc6 7. Be3 a6 8. Qd2 b5
9. a3 Qb6 10. Ne2 Qc7 11. Ng3 Bb7 12. Be2 g6 13. O-O Be7 14. dxc5 Nxc5 15. b4
Na4 16. Bd3 Nb2 17. Qc3 Na4 18. Qd2 Nb2 19. Qf2 Rc8 20. Rab1 Nxd3 21. cxd3 d4
22. Bd2 Qd7 23. Ne4 Qd5 24. Rb2 O-O 25. Rc1 f6 26. exf6 Bxf6 27. Rc5 Qd7 28.
Nxf6+ Rxf6 29. Rbc2 Rf5 30. Bc1 Rxc5 31. Rxc5 Rf8 32. Qc2 Ba8 33. h3 Qd6 34.
Ne5 Ne7 35. Rc7 Nd5 36. Rd7 Qb8 37. Bb2 Rxf4 38. Nc6 Bxc6 39. Qxc6 Qe5 40. Rd8+
Kg7 41. Qc5 g5 42. Bc1 Rf6 43. Bb2 Qe3+ 44. Kh2 Qf4+ 45. Kh1 Ne3 46. Rd7+ Kh6
47. Qc6 Qg3 0-1

[Event "Olimpiada de Khanty-Mansiysk 2010"]
[Site "Khanty-Mansiysk RUS"]
[Date "2010.10.01"]
[Round "10"]
[White "Pelletier, Yannick"]
[Black "Sasikiran, Krishnan"]
[Result "0-1"]
[WhiteElo "2592"]
[BlackElo "2681"]
[PlyCount "168"]
[EventDate "2010.09.21"]
[EventType "team"]
[EventRounds "11"]
[EventCountry "RUS"]
[Source "lmi"]
[SourceDate "2010.09.21"]
[WhiteTeam "Suiza"]
[BlackTeam "India"]
[WhiteTeamCountry "SUI"]
[BlackTeamCountry "IND"]

1. Nf3 Nf6 2. c4 b6 3. d4 e6 4. g3 Ba6 5. b3 d5 6. Bg2 Bb4+ 7. Bd2 Be7 8. Nc3
c6 9. cxd5 cxd5 10. b4 Nbd7 11. b5 Bb7 12. O-O O-O 13. Qb3 Ne4 14. Rfd1 a6 15.
a4 Rc8 16. Rac1 Nxd2 17. Nxd2 Nf6 18. e3 a5 19. Rc2 Bb4 20. Rdc1 Qe7 21. Nf3
Ba3 22. Ra1 Bd6 23. Rac1 Ba3 24. Ra1 Bd6 25. Rac1 Rc7 26. Ne2 Rfc8 27. Nf4 Ne4
28. Nd3 Rxc2 29. Rxc2 Rxc2 30. Qxc2 Qc7 31. Qxc7 Bxc7 32. Nb2 f6 33. Kf1 Bd6
34. Ne1 Nc3 35. Nc2 e5 36. Ke1 Kf7 37. Bh3 e4 38. Kd2 Nb1+ 39. Kc1 Nc3 40. Kd2
Na2 41. Nd1 g6 42. Nc3 Nxc3 43. Kxc3 f5 44. Kd2 Bc8 45. Ne1 g5 46. Ke2 Kf6 47.
Nc2 Be6 48. Ke1 Bf7 49. Bf1 h5 50. Be2 f4 51. Kf1 h4 52. gxf4 gxf4 53. exf4
Bxf4 54. Ne3 Be6 55. Kg2 h3+ 56. Kg1 Ke7 57. Bd1 Kd6 58. Be2 Bg5 59. Kf1 Bf6
60. Nc2 Bf5 61. Bd1 Bg7 62. Ne3 Be6 63. Nc2 Kd7 64. Ke1 Bh6 65. Kf1 Bf4 66. Kg1
Bd2 67. Kf1 Kd6 68. Be2 Ke7 69. Bh5 Kf6 70. Be2 Kg5 71. Bd1 Kf4 72. Ke2 Bc3 73.
Kf1 Bf7 74. Be2 Bd2 75. Bd1 Bc1 76. Ke1 Be6 77. Ke2 Bg4+ 78. Ke1 Bf3 79. Be2 e3
80. Bd3 Bd2+ 81. Kf1 Bg2+ 82. Ke2 Bf3+ 83. Kf1 Be4 84. fxe3+ Bxe3 0-1

[Event "Olimpiada de Khanty-Mansiysk 2010"]
[Site "Khanty-Mansiysk RUS"]
[Date "2010.10.01"]
[Round "10"]
[White "Harikrishna, Pentala"]
[Black "Gallagher, Joseph"]
[Result "1/2-1/2"]
[WhiteElo "2645"]
[BlackElo "2517"]
[PlyCount "121"]
[EventDate "2010.09.21"]
[EventType "team"]
[EventRounds "11"]
[EventCountry "RUS"]
[Source "lmi"]
[SourceDate "2010.09.21"]
[WhiteTeam "India"]
[BlackTeam "Suiza"]
[WhiteTeamCountry "IND"]
[BlackTeamCountry "SUI"]

1. d4 Nf6 2. c4 g6 3. Nc3 Bg7 4. e4 d6 5. Nf3 O-O 6. Be2 e5 7. Be3 exd4 8. Nxd4
Re8 9. f3 c6 10. Bf2 d5 11. exd5 cxd5 12. O-O Nc6 13. c5 Nh5 14. Qd2 Be5 15. g3
Bh3 16. Rfd1 Nf6 17. Bb5 Rc8 18. Rac1 h5 19. Nce2 Bd7 20. Bd3 Nh7 21. f4 Bg7
22. Nb5 Bf8 23. Ned4 Bg4 24. Re1 Rxe1+ 25. Qxe1 Qd7 26. Nd6 Bxd6 27. cxd6 Qxd6
28. Nxc6 Rxc6 29. Qe8+ Nf8 30. Rxc6 bxc6 31. Bxa7 Qb4 32. Bf1 c5 33. Qe5 Qa5
34. Bb8 Qxa2 35. h3 Be6 36. Bd6 Nd7 37. Qe2 Qb1 38. g4 hxg4 39. hxg4 d4 40. f5
gxf5 41. gxf5 Qxf5 42. Qg2+ Qg6 43. Qxg6+ fxg6 44. Bb5 c4 45. Kf2 Nf6 46. Kf3
d3 47. Bf4 Kf7 48. Bd2 Bd5+ 49. Ke3 Ke6 50. Kd4 Ng4 51. Bd7+ Kxd7 52. Kxd5 Ke7
53. Kxc4 Ne5+ 54. Kc3 Ke6 55. Bf4 Kf5 56. Bxe5 Kxe5 57. Kxd3 Kd5 58. Ke3 Kc4
59. Kf4 Kb3 60. Kg5 Kxb2 61. Kxg6 1/2-1/2

[Event "Olimpiada de Khanty-Mansiysk 2010"]
[Site "Khanty-Mansiysk RUS"]
[Date "2010.10.01"]
[Round "10"]
[White "Kurmann, Oliver"]
[Black "Ganguly, Surya Shekhar"]
[Result "0-1"]
[WhiteElo "2452"]
[BlackElo "2650"]
[PlyCount "136"]
[EventDate "2010.09.21"]
[EventType "team"]
[EventRounds "11"]
[EventCountry "RUS"]
[Source "lmi"]
[SourceDate "2010.09.21"]
[WhiteTeam "Suiza"]
[BlackTeam "India"]
[WhiteTeamCountry "SUI"]
[BlackTeamCountry "IND"]

1. e4 e6 2. d4 d5 3. Nd2 Nf6 4. e5 Nfd7 5. f4 c5 6. Ndf3 Nc6 7. c3 cxd4 8. Nxd4
Nxd4 9. cxd4 Nb8 10. Nf3 Nc6 11. a3 a5 12. b3 Qb6 13. Bd3 Bd7 14. Bc2 Rc8 15.
Ra2 Na7 16. O-O Nb5 17. Bb2 Nc3 18. Bxc3 Rxc3 19. Qd2 Qc7 20. Rc1 Be7 21. Raa1
Rc6 22. b4 axb4 23. axb4 O-O 24. b5 Rc4 25. Bd3 Rxc1+ 26. Rxc1 Qb6 27. Ra1 Qc7
28. Rc1 Qb6 29. Ra1 Rc8 30. Ra2 g6 31. g4 Qc7 32. Rc2 Qd8 33. Ra2 Qc7 34. Rc2
Qd8 35. Ra2 Qe8 36. Qb2 Ra8 37. Rxa8 Qxa8 38. Kf2 Qa5 39. Kg3 Kf8 40. h4 h6 41.
h5 gxh5 42. g5 hxg5 43. fxg5 Bb4 44. Qe2 Qa3 45. Qf1 Ke8 46. Kh4 Kd8 47. Kxh5
Kc7 48. Kh6 Kb6 49. Kg7 Qa8 50. Kh7 Qd8 51. Qc1 Be8 52. Qf4 Qc7 53. Kg8 Qc3 54.
Bf1 Be7 55. g6 fxg6 56. Ng5 Qc8 57. Kg7 Bxb5 58. Bxb5 Kxb5 59. Nh7 g5 60. Qf7
Bd8 61. Qe8+ Ka5 62. Nf8 g4 63. Nxe6 Bf6+ 64. Kf7 Qxe8+ 65. Kxe8 Bh4 66. Nf4 g3
67. Kd7 b5 68. Ng2 Bg5 0-1

[Event "Olimpiada de Khanty-Mansiysk 2010"]
[Site "Khanty-Mansiysk RUS"]
[Date "2010.10.01"]
[Round "10"]
[White "Gopal Narayanan, Geetha"]
[Black "Buss, Ralph"]
[Result "1/2-1/2"]
[WhiteElo "2603"]
[BlackElo "2433"]
[PlyCount "77"]
[EventDate "2010.09.21"]
[EventType "team"]
[EventRounds "11"]
[EventCountry "RUS"]
[Source "lmi"]
[SourceDate "2010.09.21"]
[WhiteTeam "India"]
[BlackTeam "Suiza"]
[WhiteTeamCountry "IND"]
[BlackTeamCountry "SUI"]

1. e4 c5 2. Nf3 d6 3. d4 cxd4 4. Nxd4 Nf6 5. Nc3 g6 6. Be3 Bg7 7. f3 O-O 8. Qd2
Nc6 9. O-O-O d5 10. exd5 Nxd5 11. Nxc6 bxc6 12. Bd4 Bxd4 13. Qxd4 Qb6 14. Na4
Qc7 15. Bc4 Rd8 16. g4 Bb7 17. Nc5 Nb6 18. Qe4 Rd5 19. Nxb7 Nxc4 20. Qxc4 Qxb7
21. h4 Rad8 22. Rde1 h6 23. Qf4 Kg7 24. b3 e6 25. Kb2 Qe7 26. Re4 Qf6+ 27.
Qxf6+ Kxf6 28. Ra4 a5 29. Re1 Rc5 30. Ree4 Ke7 31. Rac4 Rdd5 32. a4 Rxc4 33.
Rxc4 c5 34. Kc3 Kd6 35. Re4 f5 36. Re1 Rd4 37. Rg1 fxg4 38. fxg4 Ke5 39. Re1+
1/2-1/2

[Event "Olimpiada de Khanty-Mansiysk 2010"]
[Site "Khanty-Mansiysk RUS"]
[Date "2010.10.01"]
[Round "10"]
[White "Felgaer, Ruben"]
[Black "Gomez, John Paul"]
[Result "1/2-1/2"]
[WhiteElo "2597"]
[BlackElo "2527"]
[PlyCount "114"]
[EventDate "2010.09.21"]
[EventType "team"]
[EventRounds "11"]
[EventCountry "RUS"]
[Source "lmi"]
[SourceDate "2010.09.21"]
[WhiteTeam "Argentina"]
[BlackTeam "Filipinas"]
[WhiteTeamCountry "ARG"]
[BlackTeamCountry "PHI"]

1. e4 e6 2. d4 d5 3. Nd2 Nf6 4. e5 Nfd7 5. Bd3 c5 6. c3 Nc6 7. Ngf3 Be7 8. O-O
a5 9. a4 g5 10. dxc5 g4 11. Nd4 Ndxe5 12. Bb5 Bd7 13. N2b3 Rg8 14. Re1 Ng6 15.
c4 dxc4 16. Bxc4 Nxd4 17. Qxd4 Nh4 18. Bf4 Bc6 19. Bb5 Qd7 20. Qxd7+ Kxd7 21.
Red1+ Kc8 22. Nd4 Bd5 23. Bg3 Bf6 24. Bxh4 Bxh4 25. Nf5 Bf6 26. Ne3 Rd8 27.
Nxd5 exd5 28. Rd2 Be5 29. Rad1 d4 30. Bc4 f6 31. Be6+ Kc7 32. Bxg4 Kc6 33. Rc2
d3 34. Bf3+ Kc7 35. Rcd2 Rd4 36. b3 Rad8 37. g3 f5 38. Bg2 f4 39. Bf1 h6 40.
Kg2 Kc6 41. Rxd3 Rxd3 42. Bxd3 Kxc5 43. Kf3 Rd4 44. Rc1+ Kd6 45. Bc4 h5 46. Rh1
Ke7 47. Be2 Kf6 48. Kg2 h4 49. gxh4 Rd2 50. Kf3 Rc2 51. Bc4 Bd4 52. Kxf4 Bxf2
53. Kg4 Be3 54. Re1 Bc5 55. Re6+ Kg7 56. Kg3 Rc3+ 57. Kg4 Re3 1/2-1/2

[Event "Olimpiada de Khanty-Mansiysk 2010"]
[Site "Khanty-Mansiysk RUS"]
[Date "2010.10.01"]
[Round "10"]
[White "Torre, Eugenio"]
[Black "Peralta, Fernando"]
[Result "0-1"]
[WhiteElo "2489"]
[BlackElo "2572"]
[PlyCount "79"]
[EventDate "2010.09.21"]
[EventType "team"]
[EventRounds "11"]
[EventCountry "RUS"]
[Source "lmi"]
[SourceDate "2010.09.21"]
[WhiteTeam "Filipinas"]
[BlackTeam "Argentina"]
[WhiteTeamCountry "PHI"]
[BlackTeamCountry "ARG"]

1. d4 d5 2. Bf4 Nf6 3. e3 c5 4. c3 Nc6 5. Nd2 Bf5 6. Qb3 Qd7 7. Ngf3 c4 8. Qd1
e6 9. Be2 b5 10. Nh4 Bd6 11. Bxd6 Qxd6 12. O-O Be4 13. f3 Bg6 14. f4 Be4 15.
Nxe4 Nxe4 16. Bf3 Nf6 17. Qc2 O-O 18. g4 g6 19. Ng2 Rac8 20. a3 Ne7 21. Qf2 Ne4
22. Bxe4 dxe4 23. g5 a5 24. h4 h5 25. gxh6 Nf5 26. Qc2 Qd5 27. Kf2 Nxh6 28. Rh1
Ng4+ 29. Kg1 f5 30. Kf1 Kg7 31. Ke2 Rf7 32. h5 Rff8 33. hxg6 Rh8 34. Qd2 Kxg6
35. Qe1 Rcg8 36. Rh4 Kf7 37. Qh1 Rxh4 38. Qxh4 Nf6 39. Ne1 Rg7 40. Qf2 0-1

[Event "Olimpiada de Khanty-Mansiysk 2010"]
[Site "Khanty-Mansiysk RUS"]
[Date "2010.10.01"]
[Round "10"]
[White "Bluvshtein, Mark"]
[Black "Kazhgaleyev, Murtas"]
[Result "1/2-1/2"]
[WhiteElo "2583"]
[BlackElo "2620"]
[PlyCount "107"]
[EventDate "2010.09.21"]
[EventType "team"]
[EventRounds "11"]
[EventCountry "RUS"]
[Source "lmi"]
[SourceDate "2010.09.21"]
[WhiteTeam "Canadá"]
[BlackTeam "Kazajstán"]
[WhiteTeamCountry "CAN"]
[BlackTeamCountry "KAZ"]

1. d4 d5 2. c4 c6 3. e3 Nf6 4. Nc3 a6 5. Nf3 b5 6. cxd5 cxd5 7. Ne5 e6 8. Bd3
Be7 9. O-O Bb7 10. f4 Nbd7 11. Qf3 b4 12. Ne2 O-O 13. Ng3 a5 14. Bd2 g6 15.
Rac1 Rc8 16. Rxc8 Qxc8 17. Rc1 Qb8 18. Nc6 Bxc6 19. Rxc6 Rc8 20. Rxc8+ Qxc8 21.
Qd1 Nb6 22. b3 Qb7 23. Qc2 Nc8 24. Be1 Nd6 25. h3 Kg7 26. Kh1 Bf8 27. Ne2 Nf5
28. Bf2 h5 29. Ng1 Ne4 30. Nf3 Nfd6 31. Be1 Be7 32. Ne5 Nf5 33. Bxe4 dxe4 34.
Bf2 Bd6 35. Qc6 Qxc6 36. Nxc6 Bc7 37. g4 Nd6 38. g5 Nb5 39. Be1 Kf8 40. Kg2 Ke8
41. Kf2 Kd7 42. Ne5+ Bxe5 43. dxe5 Kc6 44. Ke2 Nc7 45. Kd1 Kb5 46. Kc2 a4 47.
Bd2 Nd5 48. Kd1 Ne7 49. Be1 Nc6 50. Kc2 Na5 51. Bd2 Nb7 52. Be1 Nc5 53. Bg3 Nd3
54. Kd2 1/2-1/2